Жоржи Амаду (Запис номер 402058)
[ съкратено ]
| 000 -Лидер | |
|---|---|
| Контролно поле с фиксирана дължина | nam a22 7a 4500 |
| 003 - Код на организацията, давaща контролен номер | |
| Контролно поле | BLK |
| 005 - Дата и час на последна редакция | |
| Контролно поле | 20210323141134.0 |
| 008 - Елементи от данни с фиксирана дължина | |
| fixed length control field | 200727b bu |||||||||||||| ||bu d |
| 040 ## - Източник на каталожния запис | |
| Идентификатор на билиотеката - собственик на записа | BLK |
| 041 ## - Код за език | |
| Код за езика на текст/звукозапис или на отделно заглавие | Български |
| Код за езика КДБФ | Български |
| 080 ## - УДК | |
| Текстов определител УДК | Бразилска литература |
| УДК код - определител по УДК | 821.134.3(81) |
| УДК - код + определител | 821.134.3(81)(092) |
| УДК определител | (092) |
| 080 ## - УДК | |
| Текстов определител УДК | Бразилски писател |
| УДК код - определител по УДК | 929 Амаду, Жоржи |
| УДК - код + определител | 929 Амаду, Жоржи |
| 100 ## - Редна дума - Автор | |
| R(LIN) | 1299 |
| Автор | Кутейшчикова, В. Н. |
| Авторска отговорност | първи автор |
| 139 ## - Редно поле | |
| Редна дума | Кутейшчикова, В. Н. |
| 245 ## - Сведения за заглавието | |
| Заглавие | Жоржи Амаду |
| Подзаглавни данни | [Лит. крит. очерк] |
| Редно поле (дума) | В. Н. Кутейшчикова ; Прев. от рус. |
| 260 ## - Област на издателските данни | |
| 9 (RLIN) | 216522 |
| Място на издаване, разпространение и проч. | София |
| Име на издателя, разпространителя и проч. | Нац. к-т за защита на мира |
| Година на издаване | 1955 |
| 300 ## - Физическа характеристика | |
| Страници | 60 с. |
| Размери/Мащаб | 17 см |
| 380 ## - Жанр | |
| Жанр | Обществени науки |
| 600 14 - Име на лице, използвано като предмет | |
| 9 (RLIN) | 31032 |
| За него / За нея | Амаду, Жоржи |
| 650 #7 - Допълнително описание по предмет – тема | |
| 9 (RLIN) | 148657 |
| Основно описание – тема или топоним | Биографии |
| 852 ## - Местоположение | |
| Форматна сигнатура | Цб 3.170.45278 |
| Фондова буква | Хранилище |
| 999 ## - СИСТЕМНИ КОНТРОЛНИ НОМЕРА | |
| Koha biblionumber | 402058 |
| Koha biblioitemnumber | 402058 |
| 942 ## - АРТИКУЛИ | |
| Вид на библиотечния материал | Книги |
| Скрит в OPAC | Не |
| Периодичен библиозапис | Да |
| 944 ## - СЪЗДАВАНЕ И РЕДАКЦИЯ на ЗАПИСА | |
| Създаване/Редакция | Създаване |
| Дата на регистрацията/редакция | 2021-03-23 |
| Служител, извършил регистрацията/редакцията | Ренета Константинова |
| Статус, дата на статуса | 2021-03-23 |
| 999 ## - СИСТЕМНИ КОНТРОЛНИ НОМЕРА | |
| Koha biblioitemnumber | 402040 |
| Код за отписване | Код за изгубен артикул | Източник на класификационната схема | Код за повреда | Коз за рестрикции | Код за отдаване | Артикулен № | Име на библиотеката - собственик | Име на библиотеката, в която се намира в момента | Статус (Текущо местоположение) | Дата на вписване в системата | Местоположение - отдел | Цена в лева | Инвентарен номер | Систематично азбучна сигнатура | Баркод | Цена в евро | Служебен тип на артикула |
|---|---|---|---|---|---|---|---|---|---|---|---|---|---|---|---|---|---|
| Не е изгубен | Universal Decimal Classification | Не е повреден | само за читалня | ползва се в читалня | 818052 | Регионална библиотека "Любен Каравелов" Русе | Регионална библиотека "Любен Каравелов" Русе | Хранилище | 2021-03-29 | Основен фонд - ползва се само за читалня | 0.01 | 6318/55 | Цб 3.170.45278 | 900000041546 | 0.01 | Книги |